A házasság felbontási eljárás szabályozásának története

Elmentve itt :
Bibliográfiai részletek
Szerző: Siflis Emese
További közreműködők: Juhászné Dr. Zvolenszki Anikó (Témavezető)
Dokumentumtípus: Szakdolgozat
Megjelent: 1996
Tárgyszavak:
Online Access:http://diploma.bibl.u-szeged.hu/24199
LEADER 00587nta a2200157 i 4500
001 dipl24199
005 20130314082533.0
008 110919s1996 hu om 0|| zxx d
040 |a SZTE Diploma Repozitórium  |b hun 
041 |a zxx 
100 1 |a Siflis Emese 
245 1 2 |a A házasság felbontási eljárás szabályozásának története  |h [elektronikus dokumentum] /  |c Emese Siflis 
260 |c 1996 
650 4 |a Jogi és igazgatási tanulmányok 
700 2 |a Juhászné Dr. Zvolenszki Anikó  |e ths 
856 4 0 |u http://diploma.bibl.u-szeged.hu/id/eprint/24199/1/1996_siflis_emese.pdf  |z Dokumentum-elérés